000 00218 a2200097 4500
001 34779
100 _aScorer S R
245 _aSatellite as microscope
260 _aNew York
_bEllis Hordwood
_c
090 _c23041
_d23041
942 _aNUST-CAE
_cM
_c14494
999 _c269852
_d269852